[Event "3FoglarVeterans_SIM_A"]
[Site "?"]
[Date "2007.??.??"]
[Round "?"]
[White "Bucek, Jiri"]
[Black "Sudnitsyn, Andrey V."]
[Result "1-0"]
[WhiteElo "2370"]
[BlackElo "2368"]
[PlyCount "80"]
[EventDate "2007.??.??"]
[EventType "corr"]
[SourceDate "2007.04.06"]

1. e4 d5 2. exd5 Nf6 3. d4 Nxd5 4. Nf3 g6 5. c4 Nb6 6. c5 Nd5 7. Bc4 Bg7 8. Nc3
c6 9. O-O O-O 10. Re1 b6 11. Bg5 Be6 12. Nxd5 cxd5 13. Bxe7 Qxe7 14. Bxd5 Na6
15. Bxa8 Rxa8 16. d5 Rd8 17. Qe2 Rxd5 18. Qxa6 Rxc5 19. Qe2 Qc7 20. Rad1 Bf6
21. b3 Bc3 22. Rf1 Bf6 23. Qe3 Ra5 24. Rc1 Qb7 25. Rc2 Bf5 26. Re2 Rd5 27. Rd2
Rc5 28. Nd4 Bd7 29. Qf3 Qxf3 30. Nxf3 Bc8 31. Rfd1 Kg7 32. h3 h5 33. Nd4 Bd7
34. Ne2 Be6 35. Rc1 Rxc1+ 36. Nxc1 Be7 37. Ne2 a5 38. Nf4 Bf5 39. g3 Bb4 40.
Rd8 Bc5 {(ETL)} 1-0

[Event "3FoglarVeterans_SIM_A"]
[Site "?"]
[Date "2007.??.??"]
[Round "?"]
[White "Miciak, Emanuel"]
[Black "Sudnitsyn, Andrey V."]
[Result "1-0"]
[WhiteElo "2372"]
[BlackElo "2368"]
[PlyCount "91"]
[EventDate "2007.??.??"]
[EventType "corr"]
[SourceDate "2007.04.06"]

1. d4 Nf6 2. c4 c5 3. d5 e5 4. Nc3 d6 5. e4 Be7 6. g3 O-O 7. Bg2 a6 8. a4 Nbd7
9. Nge2 Ne8 10. O-O b6 11. Be3 Rb8 12. Nc1 g6 13. Bh6 Ng7 14. Qd2 f5 15. Nd3
Nf6 16. f4 fxe4 17. Bxe4 Ng4 18. Bxg7 Kxg7 19. h3 Nh6 20. fxe5 Rxf1+ 21. Rxf1
Bxh3 22. Nf4 Bg5 23. Qh2 Bg4 24. e6 Qe7 25. Bd3 Rf8 26. Ne4 Bxf4 27. gxf4 Nf5
28. Rf2 h6 29. b3 Nd4 30. Qg3 h5 31. Ng5 Bf5 32. Bxf5 Nxf5 33. Qc3+ Nd4 34. Kh2
Kg8 35. b4 Nf5 36. bxc5 bxc5 37. Rb2 Nh6 38. Qd2 Qf6 39. Kh1 Nf5 40. Rb1 Ng7
41. Rb7 a5 42. Qb2 Qxb2 43. Rxb2 Rxf4 44. Rb8+ Rf8 45. Rb6 Rf4 46. Nf7 1-0

[Event "3FoglarVeterans_SIM_A"]
[Site "?"]
[Date "2007.??.??"]
[Round "?"]
[White "Leroy, Jacques"]
[Black "Glembek, Bohumir"]
[Result "1-0"]
[WhiteElo "2386"]
[BlackElo "2189"]
[PlyCount "91"]
[EventDate "2007.??.??"]
[EventType "corr"]
[SourceDate "2007.04.06"]

1. e4 e5 2. Nf3 Nc6 3. Bb5 a6 4. Ba4 Nf6 5. O-O b5 6. Bb3 Bb7 7. Nc3 Be7 8. d3
O-O 9. Be3 d6 10. a3 Qd7 11. Nd5 Nxd5 12. Bxd5 Nd8 13. Bxb7 Nxb7 14. d4 exd4
15. Bxd4 Rfe8 16. Re1 Rad8 17. Qd2 Nc5 18. Rad1 Qg4 19. h3 Qg6 20. Bxc5 dxc5
21. Qf4 Rd6 22. b3 Red8 23. Rxd6 Qxd6 24. e5 Qc6 25. a4 Qe6 26. Kf1 c6 27. Qe4
h6 28. axb5 cxb5 29. Ra1 Rb8 30. h4 f6 31. Re1 f5 32. Qe3 Rd8 33. Kg1 c4 34.
Ra1 cxb3 35. cxb3 Bb4 36. Rc1 f4 37. Qxf4 Qxb3 38. Rc7 Bf8 39. Qf5 b4 40. g4
Re8 41. Qe4 a5 42. g5 Re7 43. Rxe7 Bxe7 44. g6 Qd1+ 45. Kg2 Qd7 46. Nd4 1-0

[Event "3FoglarVeterans_SIM_A"]
[Site "?"]
[Date "2007.??.??"]
[Round "?"]
[White "Leroy, Jacques"]
[Black "Sudnitsyn, Andrey V."]
[Result "0-1"]
[WhiteElo "2386"]
[BlackElo "2368"]
[PlyCount "104"]
[EventDate "2007.??.??"]
[EventType "corr"]
[SourceDate "2007.04.06"]

1. e4 c5 2. Nf3 Nc6 3. d4 cxd4 4. Nxd4 Nf6 5. Nc3 e5 6. Ndb5 d6 7. Bg5 a6 8.
Na3 b5 9. Bxf6 gxf6 10. Nd5 f5 11. Bd3 Be6 12. O-O Bxd5 13. exd5 Ne7 14. Nxb5
Bg7 15. Nc3 e4 16. Bc4 Ng6 17. Qd2 O-O 18. Rab1 Be5 19. Kh1 Qf6 20. Nd1 h5 21.
b3 f4 22. Re1 f3 23. g3 Qf5 24. Nc3 Bxc3 25. Qxc3 Ne5 26. Qd4 Ng4 27. h3 Rfe8
28. Rb2 Re5 29. c3 h4 30. Bf1 hxg3 31. fxg3 f2 32. Re3 Nxe3 33. Qxe3 Qg5 34.
Re2 Rxd5 35. Qxe4 Qxg3 36. Qg2 Qxg2+ 37. Kxg2 Rf5 38. Rxf2 Rxf2+ 39. Kxf2 Rc8
40. Bc4 d5 41. Bxa6 Rxc3 42. Bb7 d4 43. h4 Kg7 44. Bd5 f5 45. b4 Kf6 46. b5 Ke5
47. Bb3 Rh3 48. b6 Kd6 49. b7 Kc7 50. Kg2 Rxh4 51. Bc2 Re4 52. b8=R Kxb8 0-1

[Event "3FoglarVeterans_SIM_A"]
[Site "?"]
[Date "2007.??.??"]
[Round "?"]
[White "Leroy, Jacques"]
[Black "Plchut, Jan"]
[Result "1-0"]
[WhiteElo "2386"]
[BlackElo "2324"]
[PlyCount "133"]
[EventDate "2007.??.??"]
[EventType "corr"]
[SourceDate "2007.04.06"]

1. e4 e6 2. d4 d5 3. Nc3 Nf6 4. Bg5 Be7 5. e5 Nfd7 6. Bxe7 Qxe7 7. f4 O-O 8.
Nf3 c5 9. Qd2 Nc6 10. dxc5 f6 11. exf6 Qxf6 12. g3 Nxc5 13. O-O-O Rd8 14. Bb5
Bd7 15. Qe3 b6 16. Bxc6 Bxc6 17. Rhe1 Be8 18. Qe5 Bf7 19. Nd4 Rdc8 20. g4 Qxe5
21. Rxe5 g6 22. Rde1 a5 23. f5 exf5 24. gxf5 Ra7 25. Rd1 Rd7 26. Ne6 gxf5 27.
Nf4 Rc6 28. Ncxd5 Kh8 29. Rxf5 Ne6 30. Ne3 Rxd1+ 31. Kxd1 Kg7 32. Nd3 Bg6 33.
Rd5 Be4 34. Rd7+ Kf6 35. h4 Bf3+ 36. Kd2 Nf8 37. Rd8 Ke7 38. Rb8 Rf6 39. Nc4
Nd7 40. Rg8 Bd5 41. Rg7+ Ke8 42. Rg4 Re6 43. Rd4 Bxc4 44. Rxc4 Ne5 45. Rf4 Nxd3
46. Kxd3 Rg6 47. a4 Rh6 48. Rg4 Kd7 49. b3 Kd6 50. c3 Rh5 51. Rd4+ Kc6 52. Rf4
Kd6 53. b4 Ke5 54. Re4+ Kd5 55. Rd4+ Ke6 56. Rg4 Kd6 57. Kc4 Kc6 58. Rf4 Kd7
59. Kd3 Kd6 60. Kc2 Ke6 61. Re4+ Kd5 62. Kd3 Kd6 63. Rg4 Kc6 64. Kc4 Kc7 65.
Rd4 Rf5 66. Kb3 Rf3 67. bxa5 1-0

[Event "3FoglarVeterans_SIM_A"]
[Site "?"]
[Date "2007.??.??"]
[Round "?"]
[White "Canibal, Jaromir"]
[Black "Miciak, Emanuel"]
[Result "0-1"]
[WhiteElo "2179"]
[BlackElo "2372"]
[PlyCount "110"]
[EventDate "2007.??.??"]
[EventType "corr"]
[SourceDate "2007.04.06"]

1. e4 e5 2. Nf3 Nc6 3. Bb5 a6 4. Ba4 Nf6 5. O-O Be7 6. Re1 b5 7. Bb3 O-O 8. d4
d6 9. d5 Na5 10. Bd2 Nxb3 11. axb3 Ne8 12. Nc3 f5 13. b4 fxe4 14. Nxe4 Nf6 15.
Bg5 Nxe4 16. Bxe7 Qxe7 17. Rxe4 Qf7 18. Qd2 Bb7 19. Rd1 Qg6 20. Qd3 Rae8 21.
Ne1 Rf5 22. f3 Qf7 23. Re3 Rh5 24. Qe4 Rh6 25. Rd2 Rf6 26. g3 Rc8 27. Rc3 Rf8
28. Re3 g5 29. c4 bxc4 30. Rc3 Qd7 31. Rxc4 R8f7 32. Kg2 Qb5 33. Rc3 Bc8 34.
Qc4 Qb6 35. Qe2 g4 36. fxg4 Bb7 37. Rf3 c6 38. Qf2 Qd8 39. Rxf6 Rxf6 40. Qa7
Rf7 41. Rf2 Rg7 42. Kg1 cxd5 43. g5 d4 44. h4 h6 45. g6 Bd5 46. Qxa6 Rxg6 47.
Kh2 Qd7 48. Qe2 Qe6 49. b5 Rg7 50. b6 Qg6 51. g4 Bb7 52. b4 Qe6 53. Kg3 d5 54.
Kh3 e4 55. Rf4 h5 0-1

[Event "3FoglarVeterans_SIM_A"]
[Site "?"]
[Date "2007.??.??"]
[Round "?"]
[White "Sudnitsyn, Andrey V."]
[Black "Plchut, Jan"]
[Result "1/2-1/2"]
[WhiteElo "2368"]
[BlackElo "2324"]
[PlyCount "69"]
[EventDate "2007.??.??"]
[EventType "corr"]
[SourceDate "2007.04.06"]

1. e4 e6 2. d3 d5 3. Nd2 c5 4. Ngf3 Nc6 5. g3 Nf6 6. Bg2 Be7 7. O-O O-O 8. Re1
b5 9. e5 Nd7 10. Nf1 f6 11. exf6 Nxf6 12. Ng5 Qd6 13. c4 h6 14. cxb5 Nd4 15.
Nf3 Nxf3+ 16. Bxf3 Qb6 17. a4 a6 18. bxa6 Bd6 19. b3 Rxa6 20. Ne3 Bd7 21. Bd2
Qb8 22. Rb1 Rf7 23. Qc2 Bc6 24. Ng4 e5 25. Nxf6+ Rxf6 26. Bg2 Kh8 27. Bc1 Qc8
28. Ba3 d4 29. Be4 Bxe4 30. Rxe4 Rc6 31. Qc4 Rc7 32. Rc1 Qf5 33. Rf1 Qf3 34.
Bc1 Kh7 35. Bd2 1/2-1/2

[Event "3FoglarVeterans_SIM_A"]
[Site "?"]
[Date "2007.??.??"]
[Round "?"]
[White "Peczkowski, Marek"]
[Black "Sudnitsyn, Andrey V."]
[Result "1/2-1/2"]
[WhiteElo "2345"]
[BlackElo "2368"]
[PlyCount "60"]
[EventDate "2007.??.??"]
[EventType "corr"]
[SourceDate "2007.04.06"]

1. e4 c5 2. Nf3 Nc6 3. d4 cxd4 4. Nxd4 Nf6 5. Nc3 e5 6. Ndb5 d6 7. Bg5 a6 8.
Na3 b5 9. Bxf6 gxf6 10. Nd5 f5 11. Bd3 Be6 12. O-O Bxd5 13. exd5 Ne7 14. c3 Bg7
15. Qh5 e4 16. Bc2 O-O 17. Rae1 Rc8 18. Bb3 Re8 19. f3 Qb6+ 20. Kh1 e3 21. Qg5
Ng6 22. Qxf5 a5 23. f4 e2 24. Rxe2 Rxe2 25. Qxc8+ Bf8 26. h3 Rf2 27. Rb1 Qe3
28. Rg1 Nxf4 29. Qg4+ Bg7 30. Qc8+ Bf8 1/2-1/2

[Event "3FoglarVeterans_SIM_A"]
[Site "?"]
[Date "2007.??.??"]
[Round "?"]
[White "Leroy, Jacques"]
[Black "Peczkowski, Marek"]
[Result "1-0"]
[WhiteElo "2386"]
[BlackElo "2346"]
[PlyCount "109"]
[EventDate "2007.??.??"]
[EventType "corr"]
[SourceDate "2007.04.06"]

1. e4 c5 2. Nf3 d6 3. d4 cxd4 4. Nxd4 Nf6 5. Nc3 a6 6. Bc4 e6 7. Bb3 b5 8. O-O
Be7 9. Qf3 Qc7 10. Qg3 O-O 11. Bh6 Ne8 12. Rfd1 Bd7 13. a3 Nc6 14. Nf3 Na5 15.
e5 Nxb3 16. cxb3 Bc6 17. Bxg7 Nxg7 18. exd6 Bxd6 19. Rxd6 Bxf3 20. gxf3 Kh8 21.
Rd2 Qe7 22. Kh1 Nf5 23. Qe5+ f6 24. Qe4 Rg8 25. Rg1 Rxg1+ 26. Kxg1 Rg8+ 27. Kf1
Qf7 28. Ne2 Qg6 29. Nf4 Qg1+ 30. Ke2 Ng7 31. Nxe6 Nxe6 32. Qxe6 Qg6 33. Qd7
Re8+ 34. Kf1 Rg8 35. Qc6 Qf5 36. b4 Qg6 37. h4 Qf5 38. Ke2 Qe5+ 39. Qe4 Qc7 40.
Qe6 Rf8 41. b3 Qc3 42. h5 Rc8 43. h6 Rg8 44. f4 Rf8 45. f5 Rg8 46. Rd6 Qc2+ 47.
Kf3 Qc3+ 48. Kf4 Rf8 49. Rd1 Rg8 50. Qe7 Qc6 51. Qd6 Qc3 52. Rd4 Qc1+ 53. Rd2
Qc3 54. Rc2 Qa1 55. Rc6 1-0

[Event "3FoglarVeterans_SIM_A"]
[Site "?"]
[Date "2007.??.??"]
[Round "?"]
[White "Plchut, Jan"]
[Black "Sage, Francois"]
[Result "0-1"]
[WhiteElo "2324"]
[BlackElo "2371"]
[PlyCount "110"]
[EventDate "2007.??.??"]
[EventType "corr"]
[SourceDate "2007.04.06"]

1. Nf3 d5 2. g3 Bg4 3. Bg2 c6 4. b3 Nd7 5. Bb2 Ngf6 6. O-O e6 7. d3 Bd6 8. Nbd2
O-O 9. Qe1 Re8 10. e4 e5 11. h3 Bh5 12. Nh4 Qc7 13. Nf5 Bf8 14. f4 dxe4 15.
Nxe4 Nxe4 16. dxe4 f6 17. g4 Bg6 18. fxe5 Nxe5 19. Kh1 Bxf5 20. Rxf5 h6 21. Bd4
Bd6 22. Rd1 Rad8 23. Bf1 Nf7 24. Bc4 b5 25. Bxf7+ Qxf7 26. Rd3 Bb8 27. Bc5 Qe6
28. Qe3 Rc8 29. Rd4 a5 30. Bb6 Be5 31. Rd1 a4 32. Rf2 axb3 33. axb3 h5 34. Rg2
hxg4 35. Rxg4 c5 36. Ba5 b4 37. Qf2 Re7 38. Qf5 Qxf5 39. exf5 Ra7 40. Rd8+ Rxd8
41. Bxd8 Bd4 42. Re4 Ra1+ 43. Kg2 Rg1+ 44. Kf3 Rf1+ 45. Kg3 Rxf5 46. Bc7 Kf7
47. h4 g6 48. Re2 Be5+ 49. Bxe5 fxe5 50. Re4 Ke6 51. Re2 Rf4 52. Rh2 Kf5 53.
Rh1 c4 54. bxc4 Rxc4 55. Rf1+ Ke4 0-1

[Event "3FoglarVeterans_SIM_A"]
[Site "?"]
[Date "2007.??.??"]
[Round "?"]
[White "Sudnitsyn, Andrey V."]
[Black "Sage, Francois"]
[Result "1-0"]
[WhiteElo "2368"]
[BlackElo "2371"]
[PlyCount "95"]
[EventDate "2007.??.??"]
[EventType "corr"]
[SourceDate "2007.04.06"]

1. e4 e5 2. Bc4 Nf6 3. d3 c6 4. Nf3 d5 5. Bb3 Bd6 6. Nc3 dxe4 7. Ng5 O-O 8.
Ngxe4 Nxe4 9. Nxe4 Bb4+ 10. c3 Be7 11. O-O Kh8 12. Qh5 f6 13. Re1 Bd7 14. d4
Be8 15. Qe2 Nd7 16. dxe5 Nxe5 17. Be3 Qc7 18. f4 Nd7 19. Rad1 Bg6 20. Be6 Rfd8
21. f5 Be8 22. Qf2 Ne5 23. Bd4 b6 24. Qh4 h6 25. Rf1 c5 26. Be3 Kh7 27. Rde1 c4
28. Bf4 b5 29. Re2 a6 30. Kh1 a5 31. Rfe1 Bc6 32. Qh5 Be8 33. Qh3 Rd3 34. Qh4
Rdd8 35. Re3 Rd3 36. Rg3 Rxg3 37. Qxg3 Qd8 38. h3 a4 39. a3 Bc6 40. Nxf6+ Bxf6
41. Bxe5 Bxe5 42. Rxe5 Qf8 43. Qg6+ Kh8 44. Bf7 Rc8 45. Qe6 Rc7 46. Bg6 Qd8 47.
Kh2 Qf8 48. Kg1 1-0

[Event "3FoglarVeterans_SIM_A"]
[Site "?"]
[Date "2007.??.??"]
[Round "?"]
[White "Sudnitsyn, Andrey V."]
[Black "Leemans, Robert"]
[Result "1-0"]
[WhiteElo "2368"]
[BlackElo "2348"]
[PlyCount "115"]
[EventDate "2007.??.??"]
[EventType "corr"]
[SourceDate "2007.04.06"]

1. e4 c5 2. Nf3 d6 3. d4 cxd4 4. Nxd4 Nf6 5. Nc3 Nc6 6. Bc4 Qb6 7. Nb3 e6 8.
Bf4 Ne5 9. Be2 Bd7 10. Qd2 Rc8 11. O-O-O Be7 12. f3 O-O 13. g4 Rfd8 14. g5 Ne8
15. Be3 Qc7 16. Kb1 a5 17. a4 Ra8 18. f4 Nc4 19. Bxc4 Qxc4 20. Qf2 Rdc8 21. f5
e5 22. f6 Bf8 23. Rd3 Be6 24. fxg7 Bxg7 25. Nc1 Qb4 26. Qg2 Nc7 27. b3 d5 28.
N1a2 Qd6 29. exd5 Bf5 30. Ne4 Qg6 31. Nac3 Ne8 32. Rhd1 Bxe4 33. Qxe4 Nd6 34.
Qxg6 fxg6 35. Bd2 e4 36. Rg3 Rf8 37. Re3 Rad8 38. Nxe4 Nxe4 39. Rxe4 Rxd5 40.
Kc1 Rff5 41. Rde1 Bf8 42. R1e2 Ba3+ 43. Kb1 Kf7 44. b4 Rf1+ 45. Ka2 Bxb4 46.
Bxb4 axb4 47. Re7+ Kf8 48. Rxb7 Rxg5 49. Ree7 Ra5 50. Rxh7 Kg8 51. Rbg7+ Kf8
52. Ra7 Rxa7 53. Rxa7 Rf3 54. Kb2 Ke8 55. Rg7 Kd8 56. Rxg6 Rh3 57. Rc6 Kd7 58.
Rc4 1-0

[Event "3FoglarVeterans_SIM_A"]
[Site "?"]
[Date "2007.??.??"]
[Round "?"]
[White "Kostal, Jindrich"]
[Black "Plchut, Jan"]
[Result "1/2-1/2"]
[WhiteElo "2385"]
[BlackElo "2324"]
[PlyCount "79"]
[EventDate "2007.??.??"]
[EventType "corr"]
[SourceDate "2007.04.06"]

1. e4 e6 2. d4 d5 3. Nd2 Nf6 4. e5 Nfd7 5. Bd3 c5 6. c3 Nc6 7. Ne2 cxd4 8. cxd4
f6 9. exf6 Nxf6 10. Nf3 Bd6 11. O-O O-O 12. Bf4 Bxf4 13. Nxf4 Ne4 14. Ne2 Rxf3
15. gxf3 Ng5 16. f4 Nh3+ 17. Kh1 Qh4 18. Qd2 Nxf2+ 19. Kg2 Nxd3 20. Qxd3 Bd7
21. Rf3 Be8 22. Ng3 Qf6 23. Rd1 Bg6 24. f5 exf5 25. Rf4 Ne7 26. h4 Rc8 27. Re1
Rc7 28. Ref1 h6 29. h5 Bh7 30. Qa3 a6 31. Qe3 Kh8 32. R1f2 Rc8 33. Kg1 Rf8 34.
R4f3 Qf7 35. Re2 Nc6 36. Rf4 Qd7 37. Kg2 Qd8 38. a3 Qd7 39. Re1 Qd6 40. Kh1
1/2-1/2

[Event "3FoglarVeterans_SIM_A"]
[Site "?"]
[Date "2007.??.??"]
[Round "?"]
[White "Peczkowski, Marek"]
[Black "Anderson, Brian"]
[Result "0-1"]
[WhiteElo "2345"]
[BlackElo "2346"]
[PlyCount "128"]
[EventDate "2007.??.??"]
[EventType "corr"]
[SourceDate "2007.04.06"]

1. e4 e5 2. Nf3 Nc6 3. Bb5 a6 4. Bxc6 dxc6 5. O-O Qd6 6. d4 exd4 7. Nxd4 Bd7 8.
c3 O-O-O 9. b4 Qg6 10. Nd2 Nf6 11. Re1 c5 12. bxc5 Bxc5 13. Rb1 Rhe8 14. f3 Nh5
15. Qb3 b6 16. Qc2 f5 17. e5 f4 18. Qxg6 hxg6 19. Kf1 Bxd4 20. cxd4 Bb5+ 21.
Kf2 Rxd4 22. g4 fxg3+ 23. hxg3 g5 24. Nb3 Rd5 25. Bb2 g4 26. Re3 gxf3 27. Rh1
g6 28. Rxf3 Bd7 29. Re1 Bg4 30. Rfe3 c5 31. Bc3 Ng7 32. Nd2 b5 33. Rc1 Rh8 34.
a4 Rf8+ 35. Kg2 Kb7 36. axb5 axb5 37. Ne4 Nf5 38. Rd3 Kc6 39. Rxd5 Ne3+ 40. Kg1
Nxd5 41. Bd4 c4 42. Ra1 Nc7 43. Nf6 Rd8 44. Bc3 Rd3 45. Ba5 Nd5 46. Be1 Bc8 47.
Rc1 g5 48. Rc2 Ne3 49. Rc1 g4 50. Kf2 Bf5 51. Ke2 Ng2 52. Bf2 Ra3 53. Kf1 Ne3+
54. Kg1 Be6 55. Re1 Nc2 56. Rd1 Ra1 57. Rxa1 Nxa1 58. Bd4 Nc2 59. Bb2 b4 60.
Kf2 Bf5 61. e6 Bxe6 62. Ke2 Na3 63. Ne4 Nb5 64. Ke3 c3 0-1

[Event "3FoglarVeterans_SIM_A"]
[Site "?"]
[Date "2007.??.??"]
[Round "?"]
[White "Plchut, Jan"]
[Black "Ryska, Jiri"]
[Result "1-0"]
[WhiteElo "2324"]
[BlackElo "2257"]
[PlyCount "103"]
[EventDate "2007.??.??"]
[EventType "corr"]
[SourceDate "2007.04.06"]

1. Nf3 d5 2. g3 Nf6 3. Bg2 g6 4. O-O Bg7 5. d3 O-O 6. Nbd2 Nc6 7. e4 dxe4 8.
dxe4 e5 9. c3 Qe7 10. Qe2 Rd8 11. b4 Be6 12. a4 Ne8 13. Nc4 Nd6 14. Nxd6 cxd6
15. Ng5 Bc8 16. a5 h6 17. Nf3 Be6 18. Be3 Qc7 19. Nd2 Rac8 20. Rac1 Rf8 21.
Rfd1 f5 22. exf5 gxf5 23. Nc4 Rfd8 24. Na3 Qe7 25. Qd2 Kh7 26. Nb5 Bb3 27. Nxd6
Rb8 28. Qd3 e4 29. Qb1 Bxd1 30. Nxf5 Qf6 31. Nxg7 Bf3 32. Bxf3 Qxf3 33. Ne6 Rd7
34. Nc5 Re7 35. Rd1 Rg8 36. b5 Nxa5 37. Rd4 Rge8 38. Qb4 b6 39. Rd6 Qf5 40.
Rxh6+ Kg8 41. Nb3 Nxb3 42. Qxb3+ Kg7 43. Rh4 Kg6 44. Qc4 Rh7 45. Rf4 Qe6 46.
Qe2 Kg7 47. Bd4+ Kg8 48. Rf6 Qd7 49. Qc4+ Rf7 50. Rh6 Kf8 51. Qb4+ Rfe7 52. Rd6
1-0

[Event "3FoglarVeterans_SIM_A"]
[Site "?"]
[Date "2007.??.??"]
[Round "?"]
[White "Peczkowski, Marek"]
[Black "Plchut, Jan"]
[Result "1/2-1/2"]
[WhiteElo "2345"]
[BlackElo "2324"]
[PlyCount "110"]
[EventDate "2007.??.??"]
[EventType "corr"]
[SourceDate "2007.04.06"]

1. e4 e6 2. d4 d5 3. Nc3 Nf6 4. e5 Nfd7 5. f4 c5 6. Nf3 Nc6 7. Be3 cxd4 8. Nxd4
Bc5 9. Qd2 O-O 10. O-O-O a6 11. h4 Nxd4 12. Bxd4 b5 13. Rh3 b4 14. Na4 Bxd4 15.
Qxd4 f6 16. Qxb4 fxe5 17. Qd6 Qf6 18. f5 Qh6+ 19. Kb1 Nf6 20. Nb6 Ne4 21. Qc7
Rf7 22. Qc6 Bb7 23. Qxe6 Rd8 24. Qxh6 gxh6 25. Re3 d4 26. Bc4 Kg7 27. Rxe4 Bxe4
28. Bxf7 Kxf7 29. Re1 d3 30. Nc4 dxc2+ 31. Kc1 Bxf5 32. Nxe5+ Kf6 33. g4 Rd1+
34. Rxd1 cxd1=Q+ 35. Kxd1 Be6 36. Nd3 Bxa2 37. Kd2 Be6 38. Nc5 Bc8 39. Ke3 Ke5
40. b4 Kd5 41. Ne4 Ke5 42. Nc5 Kd5 43. Ne4 Be6 44. Nc5 Bxg4 45. Nxa6 Kc4 46.
Nc5 Kxb4 47. Kf4 Bh5 48. Nd7 Bg6 49. Ke5 Kc3 50. Kf6 Kd4 51. Nf8 Bd3 52. Kg7
Kd5 53. Kxh6 Ke4 54. Kxh7 Kf4+ 55. Ng6+ Kg4 1/2-1/2

[Event "3FoglarVeterans_SIM_A"]
[Site "?"]
[Date "2007.??.??"]
[Round "?"]
[White "Miciak, Emanuel"]
[Black "Peczkowski, Marek"]
[Result "1-0"]
[WhiteElo "2372"]
[BlackElo "2345"]
[PlyCount "123"]
[EventDate "2007.??.??"]
[EventType "corr"]
[SourceDate "2007.04.06"]

1. d4 Nf6 2. c4 e6 3. Nf3 Bb4+ 4. Nbd2 O-O 5. a3 Be7 6. e4 d5 7. e5 Nfd7 8. b4
a5 9. b5 c5 10. Bb2 cxd4 11. Be2 Nc5 12. Bxd4 Nbd7 13. a4 b6 14. O-O Bb7 15.
cxd5 Bxd5 16. Rc1 Rc8 17. Bc4 Bb7 18. Rc3 Qc7 19. Bd3 Qb8 20. Bc2 Rfd8 21. Qe2
Nf8 22. Rc1 Bd5 23. h4 h6 24. h5 Qb7 25. Rd1 Ncd7 26. Ne4 Rxc3 27. Nxc3 Bxf3
28. gxf3 Qc7 29. f4 Rc8 30. Bb3 Bc5 31. Ne4 Bxd4 32. Rxd4 Qc1+ 33. Kg2 Qb1 34.
Qd3 Rc1 35. Qxb1 Rxb1 36. Rd3 Re1 37. Re3 Rc1 38. Rg3 Kh8 39. Rd3 Kg8 40. Rd6
Rb1 41. Bd1 Rb4 42. Kf3 f6 43. exf6 gxf6 44. f5 Ne5+ 45. Kf4 Nc4 46. Rc6 Nd2
47. fxe6 Nxe4 48. Kf5 Nxf2 49. e7 Kf7 50. exf8=Q+ Kxf8 51. Kxf6 Rf4+ 52. Ke5
Nd3+ 53. Kd6 Nb4 54. Rc8+ Kg7 55. Kc7 Nd5+ 56. Kb7 Rb4 57. Rd8 Nc3 58. Kxb6 Rb1
59. Bc2 Rb2 60. Rc8 Rxc2 61. Kxa5 Kf6 62. b6 1-0

[Event "3FoglarVeterans_SIM_A"]
[Site "?"]
[Date "2007.??.??"]
[Round "?"]
[White "Sudnitsyn, Andrey V."]
[Black "Canibal, Jaromir"]
[Result "1-0"]
[WhiteElo "2368"]
[BlackElo "2179"]
[PlyCount "119"]
[EventDate "2007.??.??"]
[EventType "corr"]
[SourceDate "2007.04.06"]

1. e4 e5 2. Bc4 Nf6 3. d3 Nc6 4. Nf3 Bc5 5. c3 a6 6. Nbd2 O-O 7. Bb3 d6 8. h3
Be6 9. Bc2 h6 10. O-O Ba7 11. Re1 Re8 12. Nf1 d5 13. Qe2 Qd7 14. Ng3 Rad8 15.
Kh2 b5 16. Nh4 d4 17. Ngf5 Ne7 18. cxd4 Bxd4 19. Nxd4 Qxd4 20. f4 exf4 21. Nf3
Qb6 22. Bxf4 c5 23. Qf2 Ng6 24. Be3 Rc8 25. Kg1 Qc7 26. Rac1 Qe7 27. a3 Red8
28. d4 cxd4 29. Nxd4 Ne5 30. Nf5 Qd7 31. Red1 Qc7 32. Nxh6+ Kh8 33. Qh4 Nh7 34.
Nf5 Rxd1+ 35. Bxd1 Qd8 36. Qxd8+ Rxd8 37. Bb6 Rd3 38. Bd4 Bxf5 39. Bxe5 Be6 40.
Bc3 Nf8 41. Kf2 Ng6 42. Be2 Rd7 43. Rd1 Rxd1 44. Bxd1 f6 45. Ke3 Kg8 46. Kd4
Nf4 47. Bf3 Bc4 48. Ke3 Ne6 49. Bg4 Kf7 50. e5 fxe5 51. Bxe5 g6 52. h4 Bd5 53.
g3 Kg8 54. b4 Kf7 55. Bd1 Nf8 56. g4 Nd7 57. Bd4 Nf8 58. Kf4 Ne6+ 59. Ke5 Bc4
60. Be3 1-0

[Event "3FoglarVeterans_SIM_A"]
[Site "?"]
[Date "2007.??.??"]
[Round "?"]
[White "Sudnitsyn, Andrey V."]
[Black "Timokhovich, Nikolai"]
[Result "1/2-1/2"]
[WhiteElo "2368"]
[BlackElo "2345"]
[PlyCount "99"]
[EventDate "2007.??.??"]
[EventType "corr"]
[SourceDate "2007.04.06"]

1. e4 e6 2. d3 d5 3. Nd2 e5 4. Ngf3 Nc6 5. exd5 Qxd5 6. g3 Bg4 7. Bg2 O-O-O 8.
h3 Bh5 9. g4 Bg6 10. O-O f6 11. Re1 Qd7 12. Ne4 h5 13. Nh4 Bf7 14. g5 Be7 15.
Be3 g6 16. c3 a6 17. Qa4 fxg5 18. Nxg5 Bd5 19. Bxd5 Qxd5 20. Nxg6 Rh6 21. Nh4
Rf8 22. Kh2 Bxg5 23. Bxg5 Rd6 24. f4 exf4 25. Bxf4 Qxd3 26. Bxd6 Qxd6+ 27. Kg2
Qd2+ 28. Kh1 Qd3 29. Ng2 Qxh3+ 30. Kg1 Nh6 31. Qh4 Qf5 32. Rf1 Qc5+ 33. Kh1 Nf5
34. Qh3 Kb8 35. b4 Qd5 36. Rad1 Qe6 37. Rf4 h4 38. Re1 Ne5 39. Kg1 Qb6+ 40. Re3
Qf6 41. Rf2 Nc4 42. Re4 Ncd6 43. Rxh4 Qe5 44. Rhf4 c5 45. a3 cxb4 46. axb4 a5
47. Qd3 axb4 48. cxb4 Rg8 49. Rxf5 Nxf5 50. Qxf5 1/2-1/2

[Event "3FoglarVeterans_SIM_A"]
[Site "?"]
[Date "2007.??.??"]
[Round "?"]
[White "Sage, Francois"]
[Black "Bucek, Jiri"]
[Result "1-0"]
[WhiteElo "2371"]
[BlackElo "2370"]
[PlyCount "175"]
[EventDate "2007.??.??"]
[EventType "corr"]
[SourceDate "2007.04.06"]

1. d4 e6 2. c4 Nf6 3. Nf3 c5 4. d5 exd5 5. cxd5 d6 6. Nc3 g6 7. h3 a6 8. a4 Qe7
9. Bf4 Nbd7 10. e3 Bg7 11. Be2 O-O 12. O-O Ne8 13. a5 Ne5 14. Qb3 Nxf3+ 15.
Bxf3 g5 16. Bg3 Nf6 17. Qb6 Rd8 18. Rfe1 g4 19. Bxg4 Bxg4 20. hxg4 Nxg4 21. Ra4
Ne5 22. Qb3 Ng6 23. Rc4 Rab8 24. Ne4 Ne5 25. Bxe5 Qxe5 26. Rd1 Qxb2 27. Qd3 Bf6
28. Rb1 Qe5 29. Qd1 Kf8 30. Qf3 Bg5 31. Nxg5 Qxg5 32. Rg4 Qe5 33. Rf4 Qg7 34.
Qh3 h6 35. Qe6 b5 36. axb6 Rb7 37. g3 Qg5 38. Qe4 Re8 39. Qa4 Qxd5 40. Rd1 Qe6
41. Qc6 Qd7 42. Rxd6 Qxc6 43. Rxc6 Reb8 44. Rxc5 Rxb6 45. Rc7 f6 46. Rh7 Kg8
47. Rxh6 Kg7 48. Rfh4 Rb4 49. Rh7+ Kg6 50. R4h6+ Kf5 51. Rf7 R8b6 52. Kg2 Rd6
53. Re7 Re4 54. Rg7 Ke5 55. Rh5+ Ke6 56. Ra5 Re5 57. Ra3 Kd5 58. Rc7 Ree6 59.
Kf3 Re5 60. g4 Rb6 61. Ra4 Ke6 62. Ra7 a5 63. R4xa5 Rxa5 64. Rxa5 Rb2 65. g5
fxg5 66. Rxg5 Kf6 67. Ra5 Rc2 68. e4 Ke6 69. Kg3 Rc3+ 70. Kf4 Rc6 71. Rh5 Kf7
72. e5 Rc2 73. f3 Rc3 74. Kg4 Kg6 75. f4 Rc4 76. Rg5+ Kf7 77. Kf5 Rc5 78. Rg6
Ra5 79. Rb6 Ra7 80. e6+ Ke7 81. Rb5 Kd6 82. Kf6 Rh7 83. f5 Rh6+ 84. Kg7 Rh4 85.
Rb6+ Kc7 86. e7 Kxb6 87. e8=Q Rc4 88. Qe6+ 1-0

[Event "3FoglarVeterans_SIM_A"]
[Site "?"]
[Date "2007.??.??"]
[Round "?"]
[White "Kostal, Jindrich"]
[Black "Peczkowski, Marek"]
[Result "1-0"]
[WhiteElo "2385"]
[BlackElo "2345"]
[PlyCount "91"]
[EventDate "2007.??.??"]
[EventType "corr"]
[SourceDate "2007.04.06"]

1. e4 c5 2. Nf3 d6 3. d4 cxd4 4. Nxd4 Nf6 5. Nc3 a6 6. Be2 e5 7. Nb3 Be7 8. O-O
O-O 9. Be3 Be6 10. Nd5 Nbd7 11. Qd3 Bxd5 12. exd5 Nc5 13. Qd2 Nfe4 14. Qb4 a5
15. Qb5 Qc7 16. Rad1 b6 17. f3 Nf6 18. a4 Rab8 19. Rfe1 Qc8 20. c3 Qe8 21. Qxe8
Nxe8 22. Bxc5 bxc5 23. Nxa5 Rxb2 24. Bc4 Nc7 25. f4 Ra8 26. Nc6 Kf8 27. Rb1
Rxb1 28. Rxb1 Bf6 29. Rb7 Ne8 30. a5 exf4 31. a6 g6 32. Nb8 Bxc3 33. Nd7+ Kg7
34. Nb6 Rxa6 35. Bxa6 Nf6 36. Bb5 Bd4+ 37. Kf1 g5 38. Bc6 Ng4 39. Be8 Ne3+ 40.
Ke2 Nxg2 41. Nc4 g4 42. Nxd6 g3 43. Nf5+ Kg6 44. Nxd4 cxd4 45. d6 gxh2 46. Rb1
1-0